Small Countries With Low Population Density - Statistics

General Stats
  • This quiz has been taken 1,285 times
    966 since last reset
  • The average score is 14 of 27
Answer Stats
Hint Answer % Correct
Size rank: 90 / 171Density rank: 162 / 171 Average rank: 126 / 171 Suriname
72%
Size rank: 106 / 171Density rank: 165 / 171 Average rank: 136 / 171 Iceland
68%
Size rank: 147 / 171Density rank: 150 / 171 Average rank: 149 / 171 Belize
66%
Size rank: 133 / 171Density rank: 141 / 171 Average rank: 137 / 171 Bhutan
66%
Size rank: 129 / 171Density rank: 127 / 171 Average rank: 128 / 171 Estonia
65%
Size rank: 122 / 171Density rank: 126 / 171 Average rank: 124 / 171 Latvia
65%
Size rank: 154 / 171Density rank: 92 / 171 Average rank: 123 / 171 Eswatini
64%
Size rank: 138 / 171Density rank: 88 / 171 Average rank: 113 / 171 Lesotho
64%
Size rank: 121 / 171Density rank: 117 / 171 Average rank: 119 / 171 Lithuania
64%
Size rank: 147 / 171Density rank: 112 / 171 Average rank: 130 / 171 Djibouti
57%
Size rank: 116 / 171Density rank: 101 / 171 Average rank: 109 / 171 Panama
54%
Size rank: 118 / 171Density rank: 91 / 171 Average rank: 105 / 171 Ireland
53%
Size rank: 165 / 171Density rank: 86 / 171 Average rank: 126 / 171 Brunei
50%
Size rank: 157 / 171Density rank: 115 / 171 Average rank: 136 / 171 Montenegro
49%
Size rank: 142 / 171Density rank: 102 / 171 Average rank: 122 / 171 Equatorial Guinea
47%
Size rank: 119 / 171Density rank: 108 / 171 Average rank: 113 / 171 Georgia
47%
Size rank: 89 / 171Density rank: 142 / 171 Average rank: 116 / 171 Uruguay
47%
Size rank: 135 / 171Density rank: 103 / 171 Average rank: 119 / 171 Guinea-Bissau
44%
Size rank: 95 / 171Density rank: 107 / 171 Average rank: 101 / 171 Nicaragua
42%
Size rank: 156 / 171Density rank: 128 / 171 Average rank: 142 / 171 Bahamas
39%
Size rank: 99 / 171Density rank: 125 / 171 Average rank: 112 / 171 Eritrea
39%
Size rank: 125 / 171Density rank: 97 / 171 Average rank: 111 / 171 Bosnia & Herzegovina
38%
Size rank: 94 / 171Density rank: 94 / 171 Average rank: 94 / 171 Tajikistan
36%
Size rank: 124 / 171Density rank: 90 / 171 Average rank: 107 / 171 Croatia
33%
Size rank: 102 / 171Density rank: 113 / 171 Average rank: 108 / 171 Liberia
33%
Size rank: 103 / 171Density rank: 99 / 171 Average rank: 101 / 171 Bulgaria
26%
Size rank: 91 / 171Density rank: 87 / 171 Average rank: 89 / 171 Tunisia
26%
No matching quizzes found
Score Distribution
Percent of People with Each Score
Percentile by Number Answered
Your Score History
You have not taken this quiz since the last reset